<?xml version="1.0" encoding="UTF-8"?>
<collection xmlns="http://www.loc.gov/MARC21/slim">
 <record>
  <leader>01528nam a2200289 a 4500</leader>
  <controlfield tag="001">7508</controlfield>
  <controlfield tag="003">BD-DhAAL</controlfield>
  <controlfield tag="005">20160208151529.0</controlfield>
  <controlfield tag="008">151123s2004    bg a          000 0dbeno </controlfield>
  <datafield tag="010" ind1=" " ind2=" ">
   <subfield code="a">  2004310464</subfield>
  </datafield>
  <datafield tag="020" ind1=" " ind2=" ">
   <subfield code="a">9841105592</subfield>
  </datafield>
  <datafield tag="037" ind1=" " ind2=" ">
   <subfield code="b">Library of Congress -- New Delhi Overseas Office</subfield>
   <subfield code="c">Tk400.00</subfield>
  </datafield>
  <datafield tag="040" ind1=" " ind2=" ">
   <subfield code="a">DLC</subfield>
   <subfield code="c">DLC</subfield>
   <subfield code="d">BD-DhAAL</subfield>
  </datafield>
  <datafield tag="050" ind1="0" ind2="0">
   <subfield code="a">DS395</subfield>
   <subfield code="b">.U45 2004</subfield>
  </datafield>
  <datafield tag="082" ind1=" " ind2=" ">
   <subfield code="a">954.95205</subfield>
  </datafield>
  <datafield tag="100" ind1="1" ind2=" ">
   <subfield code="a"> উল্লাহ,  মোহাম্মদ সফিক.</subfield>
   <subfield code="d">1941-</subfield>
   <subfield code="9">16451</subfield>
  </datafield>
  <datafield tag="245" ind1="1" ind2="0">
   <subfield code="a">একাত্তরের রণাঙ্গন, গেরিলাযুদ্ধ ও হেমায়েতবাহিনী /</subfield>
   <subfield code="c"> মোহাম্মদ সফিক উল্লাহ  ;  সম্পাদনা, মোহাম্মদ সা'দাত আলী.</subfield>
  </datafield>
  <datafield tag="260" ind1=" " ind2=" ">
   <subfield code="a">ঢাকা :</subfield>
   <subfield code="b">আহমদ পাবলিশিং হাউস,</subfield>
   <subfield code="c">২০০৯.</subfield>
  </datafield>
  <datafield tag="300" ind1=" " ind2=" ">
   <subfield code="a">৫০৩ পৃ. :</subfield>
   <subfield code="b">চিত্র ;</subfield>
   <subfield code="c">২২ সে.মি.</subfield>
  </datafield>
  <datafield tag="520" ind1=" " ind2=" ">
   <subfield code="a">Role of a group of revolutionaries under the leadership of Hemāẏetauddina, b. 1941, in the liberation war of Bangladesh, 1971.</subfield>
  </datafield>
  <datafield tag="541" ind1=" " ind2=" ">
   <subfield code="e">7508</subfield>
  </datafield>
  <datafield tag="546" ind1=" " ind2=" ">
   <subfield code="a">In Bengali; includes passages in English.</subfield>
  </datafield>
  <datafield tag="600" ind1="0" ind2="0">
   <subfield code="a">Hemāẏetauddina,</subfield>
   <subfield code="d">1941-</subfield>
   <subfield code="x">Influence.</subfield>
   <subfield code="9">16452</subfield>
  </datafield>
  <datafield tag="651" ind1=" " ind2="0">
   <subfield code="a">Bangladesh</subfield>
   <subfield code="x">History</subfield>
   <subfield code="y">Revolution, 1971</subfield>
   <subfield code="v">Personal narratives.</subfield>
   <subfield code="9">16453</subfield>
  </datafield>
  <datafield tag="942" ind1=" " ind2=" ">
   <subfield code="2">ddc</subfield>
   <subfield code="c">BK</subfield>
  </datafield>
  <datafield tag="999" ind1=" " ind2=" ">
   <subfield code="c">36270</subfield>
   <subfield code="d">36270</subfield>
  </datafield>
  <datafield tag="952" ind1=" " ind2=" ">
   <subfield code="0">0</subfield>
   <subfield code="1">0</subfield>
   <subfield code="2">ddc</subfield>
   <subfield code="4">0</subfield>
   <subfield code="6">954_952050000000000_ULL</subfield>
   <subfield code="7">0</subfield>
   <subfield code="9">57016</subfield>
   <subfield code="a">SCL</subfield>
   <subfield code="b">SCL</subfield>
   <subfield code="c">GEN</subfield>
   <subfield code="d">2015-11-22</subfield>
   <subfield code="g">600.00</subfield>
   <subfield code="l">2</subfield>
   <subfield code="m">1</subfield>
   <subfield code="o">954.95205 ULL</subfield>
   <subfield code="p">3020007508</subfield>
   <subfield code="r">2022-03-31</subfield>
   <subfield code="s">2017-02-01</subfield>
   <subfield code="t">1</subfield>
   <subfield code="w">2015-11-22</subfield>
   <subfield code="y">BK</subfield>
  </datafield>
 </record>
</collection>
